000 00202nam a22000857a 4500
008 170214b xxu||||| |||| 00| 0 eng d
100 _92872
_aKidz
245 _aArabian Nights
260 _aNew Delhi
_bKidz
_c2012
999 _c6091
_d6091